Statistics for A Quiz About Judaism

Click here to take the quiz!

General Stats

  • This quiz has been taken 10,188 times
  • The average score is 13 of 22

Answer Stats

HintAnswer% Correct
He led the Jews away from EgyptMoses
96%
Man who made a covenant with GodAbraham
89%
Language of JudaismHebrew
87%
Food that one is allowed to eat
is called ...
Kosher
83%
Central religious text; Has five booksTorah
80%
Coming of age ceremonyBar Mitzvah
75%
King who built the first templeSolomon
74%
Holiday to celebrate Jews being
spared the plagues of Egypt
Passover
71%
Day of atonementYom Kippur
67%
Son of the above who God initially
demanded as a sacrifice
Isaac
65%
Son of the above; Ancestor of all JewsJacob
65%
Container for the stone tablets;
Current location unknown
{Ark} of the
Covenant
63%
Jewish way of saying "congratulations"Mazel Tov
58%
Brother of the above; First high priestAaron
55%
The Jewish New YearRosh Hashanah
49%
Unleavened bread that is eaten
on that holiday
Matzo
44%
Two main ethnic groups of JewsAshkenazi
38%
At that feast, a cup is reserved
for this prophet
Elijah
33%
Feast on that holidaySeder
32%
Singer who leads
the congregation in prayer
Cantor
30%
Two main ethnic groups of JewsSephardi
30%
Term for a direct male-line descendent
of the above
Kohen
15%

Score Distribution

Percentile by Number Answered

Percent of People with Each Score

Your Score History

You have not taken this quiz